Nyelvünk szláv jövevényei

Elmentve itt :
Bibliográfiai részletek
Szerző: Melich János
Dokumentumtípus: Cikk
Megjelent: Magyar Nyelvtudományi Társaság Budapest 1910
Kulcsszavak:Magyar nyelv - szláv jövevényszavak
Tárgyszavak:
Online Access:http://misc.bibl.u-szeged.hu/61555
LEADER 00762nab a2200205 i 4500
001 misc61555
005 20220916154716.0
008 220718s1910 hu o 0|| hun d
040 |a SZTE Miscellanea Repozitórium  |b hun 
041 |a hun 
100 1 |a Melich János 
245 1 0 |a Nyelvünk szláv jövevényei  |h [elektronikus dokumentum] /  |c  Melich János 
260 |a Magyar Nyelvtudományi Társaság  |b Budapest  |c 1910 
300 |a 31 p.  |c 23 cm 
561 |a Németh Gyula hagyaték 
591 |a J/75 N 3619; 46860/1942/43/3276; X 291891,NOM 3530 M52 
650 4 |a Bölcsészettudományok 
650 4 |a Nyelvek és irodalom 
695 |a Magyar nyelv - szláv jövevényszavak 
856 4 0 |u http://misc.bibl.u-szeged.hu/61555/1/3530_nom_m52.pdf  |z Dokumentum-elérés